| 000 | 00426nam a22001697a 4500 | ||
|---|---|---|---|
| 005 | 20180321123742.0 | ||
| 008 | 160519b xxu||||| |||| 00| 0 eng d | ||
| 020 | _a81-7493-937-7 | ||
| 041 | _aeng | ||
| 082 |
_b3244 _a338.5024658 |
||
| 100 |
_aMithani/D.M. Dr. _9799 |
||
| 245 | _aManagerial Economics | ||
| 260 |
_aNew Delhi _bHimalaya Publishing House, _c2007 |
||
| 300 | _a630 | ||
| 650 |
_aManagement _9241 |
||
| 942 | _cBK | ||
| 999 |
_c1102 _d1102 |
||